[Event "AUTO-OPEN-3035"]
[Site "http://www.queenalice.com/game.php?id=1200372"]
[Date "2013.7.16"]
[Round "1"]
[White "FabioDavid"]
[Black "neyvo"]
[Result "1-0"]
[WhiteElo "2251"]
[BlackElo "1815"]

1. e4 e5 2. Nf3 Nc6 3. Bb5 d6 4. O-O Nf6 5. d4 exd4 6. Nxd4 Bd7 7. Nc3 Be7 8.
Nxc6 Bxc6 9. Bxc6+ bxc6 10. Re1 O-O 11. Bg5 h6 12. Be3 d5 13. Bd4 dxe4 14. Nxe4
Nxe4 15. Rxe4 Bf6 16. Bxf6 Qxf6 17. Qd4 Qf5 18. Rae1 c5 19. Qc4 g5 20. Re5 1-0

[Event "AUTO-OPEN-3035"]
[Site "http://www.queenalice.com/game.php?id=1200373"]
[Date "2013.7.16"]
[Round "1"]
[White "neyvo"]
[Black "FabioDavid"]
[Result "0-1"]
[WhiteElo "1783"]
[BlackElo "2307"]

1. d4 Nf6 2. Nc3 d5 3. Nf3 g6 4. Bg5 Bg7 5. e3 c6 6. Bd3 O-O 7. O-O h6 8. Bh4
Re8 9. Re1 b6 10. Ne5 Be6 11. f4 Qc8 12. Rf1 Ng4 13. Nxg4 Bxg4 14. Ne2 c5 15. h3
Bxh3 16. gxh3 Qxh3 17. Qe1 c4 18. Bxg6 fxg6 19. Qg3 Qxg3+ 20. Nxg3 Bf6 21. Bxf6
exf6 22. Rae1 f5 23. b3 b5 24. bxc4 bxc4 25. c3 Nd7 26. a4 Nf6 0-1

[Event "AUTO-OPEN-3035"]
[Site "http://www.queenalice.com/game.php?id=1200398"]
[Date "2013.7.16"]
[Round "1"]
[White "Aspayne"]
[Black "neyvo"]
[Result "1-0"]
[WhiteElo "2011"]
[BlackElo "1804"]

1. e4 c5 2. Nc3 e5 3. Nf3 Nc6 4. g3 Nf6 5. Bg2 Be7 6. O-O O-O 7. d3 a6 8. h3 d5
9. exd5 Nxd5 10. Nxd5 Qxd5 11. Be3 b6 12. Nd4 Qd6 13. Nxc6 Bb7 14. Nxe7+ Qxe7
15. Bxb7 Qxb7 16. Qg4 Qc6 17. f4 1-0

[Event "AUTO-OPEN-3035"]
[Site "http://www.queenalice.com/game.php?id=1200399"]
[Date "2013.7.16"]
[Round "1"]
[White "neyvo"]
[Black "Aspayne"]
[Result "0-1"]
[WhiteElo "1781"]
[BlackElo "2019"]

1. d4 Nf6 2. Nc3 d5 3. Nf3 Bg4 4. e3 Nbd7 5. Bb5 c6 6. Be2 e6 7. O-O Qc7 8. a3
Bd6 9. g3 O-O-O 10. b4 Ne4 11. Nxe4 dxe4 12. Ng5 Bxe2 13. Qxe2 Rdf8 14. Nxe4 Be7
15. c4 f5 16. Nc3 g5 17. f4 h6 18. d5 e5 19. fxe5 Nxe5 0-1

[Event "AUTO-OPEN-3035"]
[Site "http://www.queenalice.com/game.php?id=1200416"]
[Date "2013.7.16"]
[Round "1"]
[White "neyvo"]
[Black "marconilho"]
[Result "0-1"]
[WhiteElo "1769"]
[BlackElo "1671"]

1. d4 e6 2. e4 Nf6 3. Nc3 Nc6 4. e5 Nd5 5. Nxd5 exd5 6. Nf3 d6 7. Bb5 g6 8. O-O
Bd7 9. Bg5 Ne7 10. Bxd7+ Qxd7 11. Bf6 Bh6 12. Bxh8 O-O-O 13. Bf6 Rg8 14. Ng5
Bxg5 15. Bxg5 Nf5 16. Bf6 h5 17. g4 Nh6 18. h3 hxg4 19. hxg4 Nxg4 20. Qf3 Nh6
21. exd6 Qxd6 0-1

[Event "AUTO-OPEN-3035"]
[Site "http://www.queenalice.com/game.php?id=1200417"]
[Date "2013.7.16"]
[Round "1"]
[White "marconilho"]
[Black "neyvo"]
[Result "1-0"]
[WhiteElo "1691"]
[BlackElo "1749"]

1. e4 c5 2. Bc4 e6 3. Nc3 Nc6 4. Nf3 d6 5. a3 Nf6 6. d3 a6 7. Bd2 b5 8. Ba2 Be7
9. Qe2 b4 10. axb4 cxb4 11. Nb1 O-O 12. Bb3 a5 13. h3 e5 14. Nh4 Nd4 15. Qe3 a4
16. Bxa4 Bd7 17. b3 Nxc2+ 18. Ke2 Nxe3 19. Bxe3 Bxa4 20. bxa4 Nxe4 21. dxe4 Bxh4
22. Nd2 Qf6 23. Nb3 1-0

[Event "AUTO-ADV-2908"]
[Site "http://www.queenalice.com/game.php?id=1200424"]
[Date "2013.7.16"]
[Round "1"]
[White "neyvo"]
[Black "junipero"]
[Result "0-1"]
[WhiteElo "1775"]
[BlackElo "2016"]

1. d4 d5 2. Nf3 e6 3. e3 c5 4. Bb5+ Bd7 5. Nc3 Nc6 6. O-O Nf6 7. a3 a6 8. Ba4 b5
9. Bb3 c4 10. Ba2 Be7 11. b3 O-O 12. bxc4 dxc4 13. a4 Nb4 14. Ba3 Nxa2 15. Bxe7
Nxc3 16. Bxd8 Nxd1 17. Bxf6 Nxe3 18. Bxg7 Nxf1 19. Bxf8 Nxh2 20. Nxh2 Rxf8 21.
axb5 axb5 22. Ra7 Rd8 23. Rb7 Be8 24. c3 e5 25. dxe5 Rd1+ 26. Nf1 Rc1 27. Rb8
Kf8 28. g3 Rxc3 29. Ne3 Rd3 0-1

[Event "AUTO-ADV-2908"]
[Site "http://www.queenalice.com/game.php?id=1200425"]
[Date "2013.7.16"]
[Round "1"]
[White "junipero"]
[Black "neyvo"]
[Result "1-0"]
[WhiteElo "1985"]
[BlackElo "1813"]

1. d4 d5 2. c4 e6 3. Nc3 Nf6 4. e3 Bb4 5. a3 Bxc3+ 6. bxc3 O-O 7. Nf3 b6 8. cxd5
Nxd5 9. c4 Nc3 10. Qc2 Nd5 11. cxd5 Qxd5 12. Bc4 Qc6 13. Bd3 g6 14. Ne5 Qxc2 15.
Bxc2 Ba6 16. Bd3 f6 17. Bxa6 Nxa6 18. Nf3 c5 19. O-O cxd4 20. Nxd4 e5 21. Nb5
Rfc8 22. Bb2 Rc5 23. Nc3 Nc7 24. Rac1 1-0

[Event "AUTO-ADV-2908"]
[Site "http://www.queenalice.com/game.php?id=1200426"]
[Date "2013.7.16"]
[Round "1"]
[White "neyvo"]
[Black "favazza2007"]
[Result "0-1"]
[WhiteElo "1853"]
[BlackElo "1908"]

1. d4 d5 2. Nf3 Nf6 3. Nc3 e6 4. e3 Bb4 5. Bb5+ c6 6. Ba4 b5 7. Bb3 O-O 8. O-O
Bxc3 9. bxc3 Ne4 10. Bb2 a5 0-1

[Event "AUTO-ADV-2908"]
[Site "http://www.queenalice.com/game.php?id=1200427"]
[Date "2013.7.16"]
[Round "1"]
[White "favazza2007"]
[Black "neyvo"]
[Result "1-0"]
[WhiteElo "1922"]
[BlackElo "1839"]

1. c4 e5 2. Nc3 Nc6 3. e4 Nf6 4. d3 Bb4 5. Nf3 O-O 6. Bg5 d6 7. a3 Bxc3+ 8. bxc3
Bg4 9. Be2 h6 10. Bxf6 Qxf6 11. h3 Bh5 12. Nh2 1-0

[Event "AUTO-ADV-2908"]
[Site "http://www.queenalice.com/game.php?id=1200428"]
[Date "2013.7.16"]
[Round "1"]
[White "neyvo"]
[Black "yasseryack"]
[Result "0-1"]
[WhiteElo "1826"]
[BlackElo "1950"]

1. d4 g6 2. e4 Bg7 3. Nf3 Nf6 4. Nc3 O-O 5. Bc4 d6 6. O-O c6 7. Re1 b5 8. Bb3
Bb7 9. a3 Qa5 10. Bg5 Nbd7 11. e5 dxe5 12. dxe5 Nd5 13. Nxd5 cxd5 14. Bxd5 Bxd5
15. Qxd5 Nb6 16. Qb7 e6 17. Bf6 Bh6 18. Ng5 Nd5 19. Nxf7 Rxf7 20. Qxa8+ Bf8 0-1

[Event "AUTO-ADV-2908"]
[Site "http://www.queenalice.com/game.php?id=1200429"]
[Date "2013.7.16"]
[Round "1"]
[White "yasseryack"]
[Black "neyvo"]
[Result "1-0"]
[WhiteElo "1870"]
[BlackElo "1796"]

1. e4 c5 2. b3 e5 3. Bb2 Nc6 4. Nf3 Nf6 5. Nc3 Be7 6. Bc4 O-O 7. Bd5 Nxd5 8.
exd5 Nd4 9. Nxe5 d6 10. Nc4 Bf5 11. d3 Re8 12. O-O Bh4 13. Ne3 Qg5 14. Nxf5 Nxf5
15. Ne4 Qg6 16. Qf3 Nd4 17. Bxd4 cxd4 18. Qf4 Bf6 19. Qxd6 Qf5 20. Nxf6+ gxf6
21. h4 Rad8 22. Qg3+ Kh8 23. f3 Rg8 24. Qc7 Qh3 25. Rf2 Qxh4 26. Qxf7 Rg7 27.
Qe6 1-0

[Event "Let's Play Chess!"]
[Site "http://www.queenalice.com/game.php?id=1277230"]
[Date "2014.4.29"]
[Round "-"]
[White "Zefil"]
[Black "neyvo"]
[Result "1-0"]
[WhiteElo "2102"]
[BlackElo "1724"]

1. e4 c5 2. Nf3 Nc6 3. Bb5 Qb6 4. Nc3 e6 5. O-O Nf6 6. Re1 Be7 7. Bf1 O-O 8. Na4
Qc7 9. b3 Nd4 10. Bb2 b5 11. Nxd4 cxd4 12. Bxb5 e5 13. Bf1 Bb7 14. d3 Rac8 15.
Re2 Bc6 16. c4 dxc3 17. Nxc3 Bb4 18. Rc2 a5 19. Nd5 Qd6 20. Nxb4 axb4 21. Rac1
Bb7 22. Be2 Rxc2 23. Rxc2 Rc8 24. Qc1 Rxc2 25. Qxc2 h6 26. h3 Qe7 27. Qc7 Bc6
28. Qxe5 Qxe5 29. Bxe5 Ne8 30. Bf4 d6 31. Bd2 f6 32. Bxb4 d5 33. f3 dxe4 34.
dxe4 Nc7 35. a4 g6 36. Bd6 Ne6 37. Bc4 Kf7 38. b4 Bxa4 39. b5 f5 40. e5 h5 41.
Kf2 g5 42. Ke3 1-0

[Event "AUTO-OPEN-3243"]
[Site "http://www.queenalice.com/game.php?id=1277383"]
[Date "2014.4.29"]
[Round "1"]
[White "fontaine"]
[Black "neyvo"]
[Result "1-0"]
[WhiteElo "2682"]
[BlackElo "1731"]

1. e4 c5 2. c3 Nc6 3. d4 cxd4 4. cxd4 e6 5. Nf3 Nf6 6. Bd3 Bb4+ 7. Nbd2 Qb6 8.
O-O Nxd4 9. Nc4 Nxf3+ 10. Qxf3 Qd4 11. Rd1 d5 12. Be3 dxe4 13. Qg3 Qd7 14. Ne5
Qe7 15. Qxg7 Rg8 16. Bb5+ Bd7 17. Bxd7+ Nxd7 18. Qxg8+ Qf8 19. Qxf7+ Qxf7 20.
Nxf7 1-0

[Event "AUTO-OPEN-3243"]
[Site "http://www.queenalice.com/game.php?id=1277384"]
[Date "2014.4.29"]
[Round "1"]
[White "neyvo"]
[Black "fontaine"]
[Result "0-1"]
[WhiteElo "1726"]
[BlackElo "2681"]

1. d4 d5 2. Nf3 Nf6 3. e3 c6 4. Bd3 e6 5. O-O Nbd7 6. Nc3 c5 7. dxc5 Nxc5 8.
Bb5+ Bd7 9. b4 Bxb5 10. Nxb5 Nce4 11. a3 a6 12. Nbd4 Bd6 13. Bb2 O-O 14. Nd2 Qc7
15. f3 Bxh2+ 16. Kh1 Ng3+ 17. Kxh2 Nxf1+ 18. Kg1 Nxe3 19. Qe2 Nxc2 20. Nxc2 Qxc2
21. Bxf6 gxf6 22. f4 Rfc8 23. Qe1 Rc3 24. Nf3 Rac8 25. Qg3+ Qg6 26. Qxg6+ fxg6
0-1

[Event "AUTO-OPEN-3243"]
[Site "http://www.queenalice.com/game.php?id=1277405"]
[Date "2014.4.29"]
[Round "1"]
[White "Gabriel_HD"]
[Black "neyvo"]
[Result "1-0"]
[WhiteElo "1993"]
[BlackElo "1716"]

1. e4 c5 2. Nc3 Nc6 3. Bb5 a6 4. Bxc6 bxc6 5. d4 e5 6. dxe5 g6 7. Nf3 Bg7 8. Bg5
Ne7 9. Qd6 h6 10. Bf6 Bxf6 11. exf6 Ng8 12. e5 Ra7 13. Qxc5 1-0

[Event "AUTO-OPEN-3243"]
[Site "http://www.queenalice.com/game.php?id=1277406"]
[Date "2014.4.29"]
[Round "1"]
[White "neyvo"]
[Black "Gabriel_HD"]
[Result "0-1"]
[WhiteElo "1711"]
[BlackElo "1998"]

1. e4 e5 2. Nc3 Nf6 3. Nf3 Nc6 4. Bb5 Bb4 5. O-O O-O 6. d3 Nd4 7. Bc4 d6 8. Nxd4
exd4 9. Nd5 Nxd5 10. Bxd5 Qf6 11. Bd2 Bxd2 12. Qxd2 Qg6 0-1

[Event "AUTO-OPEN-3243"]
[Site "http://www.queenalice.com/game.php?id=1277417"]
[Date "2014.4.29"]
[Round "1"]
[White "jacconsultoria"]
[Black "neyvo"]
[Result "1-0"]
[WhiteElo "2055"]
[BlackElo "1729"]

1. c4 g6 2. Nc3 Bg7 3. g3 Nf6 4. Bg2 O-O 5. Nf3 Nc6 6. d4 d5 7. cxd5 Nxd5 8. e4
Nxc3 9. bxc3 Bg4 10. h3 Bc8 11. O-O b6 12. Be3 Bb7 13. Qd2 e6 14. Bh6 Ne7 15.
Bxg7 Kxg7 16. Rfe1 f5 17. Ng5 Qd7 18. exf5 Bxg2 19. Nxe6+ Kg8 20. Nxf8 Rxf8 21.
Kxg2 Qd5+ 22. Kg1 Nxf5 23. Re5 Qd6 24. Rae1 c5 25. d5 Qd7 26. Qe2 1-0

[Event "AUTO-OPEN-3243"]
[Site "http://www.queenalice.com/game.php?id=1277418"]
[Date "2014.4.29"]
[Round "1"]
[White "neyvo"]
[Black "jacconsultoria"]
[Result "0-1"]
[WhiteElo "1720"]
[BlackElo "2103"]

1. e4 c5 2. f4 Nc6 3. Nc3 e6 4. d3 a6 5. Nf3 b5 6. a3 d5 7. exd5 exd5 8. d4 Nf6
9. Be2 Bf5 10. O-O Rc8 11. dxc5 Bxc5+ 12. Kh1 O-O 13. Bd3 Bxd3 14. Qxd3 Ng4 15.
Nd1 Re8 16. h3 Nf6 17. b4 Bb6 18. Ne3 Ne4 19. Ng4 Ng3+ 20. Kh2 Nxf1+ 21. Qxf1
Nd4 22. Nxd4 Bxd4 23. Ra2 h5 24. Ne5 Bxe5 25. fxe5 Rxe5 26. Qf4 Re2 27. Bb2
Rcxc2 28. Bxg7 Rxg2+ 29. Kh1 Rxa2 30. Bd4 Qc8 31. Qe3 Rh2+ 0-1

[Event "AUTO-ADV-3135"]
[Site "http://www.queenalice.com/game.php?id=1277455"]
[Date "2014.4.30"]
[Round "1"]
[White "jacconsultoria"]
[Black "neyvo"]
[Result "1-0"]
[WhiteElo "2102"]
[BlackElo "1722"]

1. c4 e5 2. Nc3 Nf6 3. g3 Bb4 4. Bg2 O-O 5. a3 Bc5 6. b4 Bd4 7. Bb2 c5 8. e3
cxb4 9. axb4 Bxc3 10. Bxc3 Re8 11. Ne2 Nc6 12. b5 Nb8 13. O-O d5 14. c5 Bd7 15.
Qb3 a6 16. b6 Qe7 17. d4 exd4 18. Bxd4 Be6 19. Nf4 Nc6 20. Nxd5 Nxd5 21. Bxd5
Bxd5 22. Qxd5 Red8 23. Qc4 Rac8 24. Rfd1 Nxd4 25. exd4 Qe4 26. Rac1 Rd5 27. Qa4
Rcd8 28. c6 Rxd4 29. Rxd4 Rxd4 30. Qxd4 1-0

[Event "AUTO-ADV-3135"]
[Site "http://www.queenalice.com/game.php?id=1277456"]
[Date "2014.4.30"]
[Round "1"]
[White "neyvo"]
[Black "jacconsultoria"]
[Result "0-1"]
[WhiteElo "1718"]
[BlackElo "2093"]

1. d4 Nf6 2. Nc3 c5 3. Nf3 g6 4. e4 cxd4 5. Nxd4 Nc6 6. Be3 Bg7 7. Bd3 O-O 8.
O-O d5 9. exd5 Nxd5 10. Nxd5 Qxd5 11. c4 Qd8 12. Nxc6 bxc6 13. Qc2 Be6 14. Rad1
Qc7 15. b3 Rfd8 16. Be4 Rac8 17. Rd2 Rxd2 18. Qxd2 Rd8 19. Qc2 c5 20. Rd1 Rd7
21. Rxd7 Bxd7 22. g3 Bc6 23. Bf4 Qb7 24. f3 Bd4+ 25. Kg2 f5 26. Bxc6 Qxc6 27. h3
Kf7 28. Kh2 Qxf3 29. Qg2 Qxg2+ 30. Kxg2 e5 31. Bg5 Ke6 32. Kf3 e4+ 0-1

[Event "AUTO-ADV-3135"]
[Site "http://www.queenalice.com/game.php?id=1277471"]
[Date "2014.4.30"]
[Round "1"]
[White "NatanEstivallet"]
[Black "neyvo"]
[Result "1-0"]
[WhiteElo "1860"]
[BlackElo "1681"]

1. d4 d5 2. Nf3 Nf6 3. g3 b6 4. Bg2 Bb7 5. O-O e6 6. b3 Bd6 7. Bb2 O-O 8. e3 c5
9. c3 cxd4 10. cxd4 Nc6 11. Nbd2 Re8 12. Rc1 Rc8 13. Qe2 Nb4 14. a3 Ba6 15. Nc4
Na2 16. Rc2 dxc4 17. bxc4 Ne4 18. Ra1 Nac3 19. Bxc3 Bxc4 20. Qe1 Bb3 21. Rcc1
Nxc3 22. Rxc3 Rxc3 23. Qxc3 Bd5 24. Nd2 Bxg2 25. Kxg2 1-0

[Event "AUTO-ADV-3135"]
[Site "http://www.queenalice.com/game.php?id=1277472"]
[Date "2014.4.30"]
[Round "1"]
[White "neyvo"]
[Black "NatanEstivallet"]
[Result "0-1"]
[WhiteElo "1672"]
[BlackElo "1869"]

1. d4 Nf6 2. c4 g6 3. Nf3 Bg7 4. e3 O-O 5. Bd3 d5 6. cxd5 Nxd5 7. O-O Bg4 8. h3
Bxf3 9. Qxf3 Nc6 10. b3 Ncb4 11. Qe2 c5 12. a3 Nxd3 13. Qxd3 Rc8 14. Bb2 cxd4
15. Bxd4 Bxd4 16. Qxd4 Nb6 17. Nd2 Qxd4 18. exd4 Rfd8 19. Nf3 Kg7 20. Kh2 Nd5
21. Rfc1 Nf4 22. Rxc8 Rxc8 23. Kg3 Ne2+ 24. Kg4 h5+ 25. Kh4 f6 0-1

[Event "AUTO-ADV-3135"]
[Site "http://www.queenalice.com/game.php?id=1277481"]
[Date "2014.4.30"]
[Round "1"]
[White "Nille"]
[Black "neyvo"]
[Result "1-0"]
[WhiteElo "1791"]
[BlackElo "1706"]

1. e4 c5 2. Nf3 Nc6 3. Bc4 e6 4. d4 d5 5. exd5 exd5 6. Bb5 Bd7 7. Qe2+ Be7 8.
dxc5 Nf6 9. Bg5 O-O 10. a3 Re8 11. O-O Bxc5 12. Bxf6 Qxf6 13. Qd3 a6 14. Qxd5
Qxb2 15. Qxd7 Qxa1 16. Bxc6 bxc6 17. Qxc6 Rac8 18. Qxa6 Ra8 19. Qd3 Rab8 20.
Nfd2 Qd4 21. Qxd4 Bxd4 22. Nf3 Bb2 23. a4 Ra8 24. Nbd2 Rxa4 25. Rb1 Bc3 26. Rd1
Ra1 27. Nb1 Bf6 28. Nfd2 Bg5 29. Nb3 Ra2 30. c4 Rb2 31. Nd4 Rd8 32. Re1 h6 33.
Nf3 f6 34. Nxg5 hxg5 35. g3 Rc2 36. Na3 Rc3 37. Nb5 1-0

[Event "AUTO-ADV-3135"]
[Site "http://www.queenalice.com/game.php?id=1277482"]
[Date "2014.4.30"]
[Round "1"]
[White "neyvo"]
[Black "Nille"]
[Result "0-1"]
[WhiteElo "1693"]
[BlackElo "1804"]

1. Nc3 e5 2. e4 d6 3. Bb5+ Bd7 4. Bc4 Nf6 5. Nf3 h6 6. O-O Be7 7. a3 Nc6 8. d4
exd4 9. Nxd4 a6 10. b4 b5 11. Bb3 Nxd4 12. Qxd4 O-O 13. Re1 c5 14. bxc5 dxc5 15.
Qe3 c4 16. Ba2 Qc7 17. Nd5 Nxd5 18. exd5 Bf6 19. c3 Rfe8 20. Qd2 Qa5 21. Bb2 Qb6
22. a4 Bg5 23. Qd4 Qxd4 24. cxd4 Red8 25. axb5 axb5 26. Bc3 Re8 27. Rxe8+ Rxe8
28. Re1 Ra8 29. Bb1 Ra3 30. Bb4 Rb3 0-1